000 00422nam a2200157 i 4500
001 57463
003 ES-MaACL
005 20230906163600.0
007 t|
008 031016s1913 fr ||||1| fre d
100 1 _aDromard, Gabriel.
_945656
245 1 3 _aLa reve et l'action /
_cGabriel Dromard.
260 _aParis :
_bErnest Flammarion,
_c1913 (
_fHemmerlé)
300 _a368 p. ;
_c19 cm.
852 _aES-MaACL
_jF-6170
999 _c57463
_d57463